| 000 | 00580nam a2200181 ar4500 | ||
|---|---|---|---|
| 001 | 1439 | ||
| 005 | 20221127090222.0 | ||
| 008 | 090809s jo a 00010|ara d | ||
| 020 | _cرس49.00 | ||
| 082 | 0 | 4 |
_a658.81 _bج981 |
| 100 | 1 | _aالجياشي، على عبدالرضا. | |
| 245 | 1 | 0 |
_aادارة المبيعات / _cعلي الجياشي. |
| 260 |
_aعمان، الاردن : _bدار وائل، _c2003. |
||
| 300 |
_a358 ص. : _bايض. ؛ _c24 سم. |
||
| 504 | _aيتضمن ببليوجرافية. | ||
| 650 | 4 | _aالتسويق. | |
| 650 | 4 | _aادارة المبيعات. | |
| 999 |
_c1437 _d1437 |
||